00427 2200169 4500001002100000005001500021035002000036245002000056100003500076300002100111260005100132082001400183084002000197020001800217990001100235990001100246INLIS00000000000140420221110020455 a0010-11220000201 aTiga Dalam Kayu0 aZiggy Zezsyazeoviennazabrizkie avi+162 ;c20 hlm aJakarta :bKepustakaan Populer Gramedia,c2022 a899.221 3 a899.221 3 ZIG t a9786024817817 a002585 a002586